Normal view
MARC view
- Professior Sadia Irfan.
Entry Personal Name
001 - CONTROL NUMBER
- control field: 26099
003 - CONTROL NUMBER IDENTIFIER
- control field: NUST
005 - DATE AND TIME OF LATEST TRANSACTION
- control field: 20191124154502.0
008 - FIXED-LENGTH DATA ELEMENTS
- fixed length control field: 191124|| aca||aabn | a|a d
040 ## - CATALOGING SOURCE
- Original cataloging agency: NUST
- Transcribing agency: NUST
100 ## - HEADING--PERSONAL NAME
- Personal name: Professior Sadia Irfan.
670 ## - SOURCE DATA FOUND
- Source citation: Work cat.: (NUST): Zareen, Qurat-ul-Ain 26098, A Mirage of Investment Opportunities in Pakistan: A performance Evaluation of Pakistani mutual funds /, 2018.
